Central Library OPAC University of Rajshahi

Metaphysical to Augustan; (Record no. 19686)

MARC details
000 -LEADER
fixed length control field 00866nam a22002651 4500
001 - CONTROL NUMBER
control field 19686
003 - CONTROL NUMBER IDENTIFIER
rucl marc code BD-RjUL
005 - DATE AND TIME OF LATEST TRANSACTION
control field 20211209000450.0
008 - FIXED-LENGTH DATA ELEMENTS--GENERAL INFORMATION
fixed length control field 140225s1955 enk 001 1 eng d
035 ## - SYSTEM CONTROL NUMBER
System control number (BD-RjUL)19746
System control number (OCoLC)245783
040 ## - CATALOGING SOURCE
Original cataloging agency DLC
Transcribing agency OClU
Modifying agency OCoLC
-- Uk
-- DLC
-- BD-RjUL
Language of cataloging eng
041 ## - LANGUAGE CODE
Language code of text/sound track or separate title eng
082 04 - DEWEY DECIMAL CLASSIFICATION NUMBER
Edition number 21
Classification number 828.302
Author mark and year WAM 1955
100 1# - MAIN ENTRY--PERSONAL NAME
Personal name Walton, Geoffrey,
Dates associated with a name 1913-
9 (RLIN) 60487
245 10 - TITLE STATEMENT
Title Metaphysical to Augustan;
Remainder of title studies in tone and sensibility in the seventeenth century /
Statement of responsibility, etc. Geoffrey Walton.
260 ## - PUBLICATION, DISTRIBUTION, ETC. (IMPRINT)
Place of publication, distribution, etc. London :
Name of publisher, distributor, etc. Bowes & Bowes
Date of publication, distribution, etc. 1955.
300 ## - PHYSICAL DESCRIPTION
Pagination 160 p.
Size 23 cm.
504 ## - BIBLIOGRAPHY, ETC. NOTE
Bibliography, etc Includes index.
650 #0 - SUBJECT ADDED ENTRY--TOPICAL TERM
Topical term or geographic name as entry element English poetry
Chronological subdivision Early modern, 1500-1700
General subdivision History and criticism.
9 (RLIN) 4392
651 #0 - SUBJECT ADDED ENTRY--GEOGRAPHIC NAME
Geographic name Great Britain
General subdivision Intellectual life
Chronological subdivision 17th century.
9 (RLIN) 55006
942 ## - ADDED ENTRY ELEMENTS (KOHA)
Source of classification or shelving scheme Dewey Decimal Classification
Koha item type Books
Holdings
Lost status Source of classification or shelving scheme Damaged status Not for loan Collection code Permanent Location Current Location Shelving location Date acquired Source of acquisition Cost, normal purchase price Total Checkouts Full call number Date last seen Copy number Koha item type
  Dewey Decimal Classification     Fiction Central Library, University of Rajshahi Central Library, University of Rajshahi   01/05/1965 Zeitlinger 17.60   828.302 WAM 1955 25/02/2014 C-2 Books
  Dewey Decimal Classification     Non-fiction Central Library, University of Rajshahi Central Library, University of Rajshahi   16/10/1965 B.H. Blackwell 17.00   828.302 WAM 1955 03/03/2020 C-3 Books
  Dewey Decimal Classification   Not For Loan Non-fiction Central Library, University of Rajshahi Central Library, University of Rajshahi Reading Room 16/10/1965 B.H. Blackwell 17.00   828.302 WAM 1955 03/03/2020 C-1 Books